01246nam a2200325Ia 450000500170000000800410001702000150005804100080007310000270008124501330010825000180024130000490025949000450030852100360035353400300038965000540041965000520047365000360052565000340056165000350059565000350063070000390066570000330070426400490073733600270078633700330081333800280084604000350087408400110090920220317001709.0170328s1994 m a g 000 0 s  a9681644972 aspa1 aWaddell, Martind1941-10aAhí viene el malvado topo!ctexto de Martin Waddell ; ilustraciones de John Bendall-Brunello ; traducción de Lucía Segovia a1a. edición a[26] páginasbilustraciones a colorc24 cm aLos especiales de A la orilla del viento aRecomendado desde los 3 años tThe Big Bad Moles Coming!142LEMBaÁlbumes infantiles británicosySiglo XX142LEMBaLiteratura infantil británicaySiglo XX142LEMBaAnimales en la literatura142LEMBaMaldad en la literatura142LEMBaNiños en la literatura142LEMBaChismes en la literatura1 aBendall-Brunello, Johneilustrador1 aSegovia, Lucíaetraductora aMéxicobFondo de Cultura Económicac1994 atextobtxt2rdacontent asin mediaciónbn2rdamedia avolumenbnc2rdacarrier aCO-BoRNBPbspaerdacCO-BoRNBP aA WAD1